| 000 | 00795cam a22002533a 4500 | ||
|---|---|---|---|
| 001 | 25789 | ||
| 003 | PGUSA | ||
| 005 | 20140828083544.0 | ||
| 008 | 080614s2008||||xxu|||||s|||||000 | eng d | ||
| 040 |
_aPGUSA _beng |
||
| 042 | _adc | ||
| 050 | 4 | _aPR | |
| 100 | 1 |
_aRobinson, A. Mary F. _q(Agnes Mary Frances), _d1857-1944 |
|
| 245 | 1 | 0 |
_aEmily Brontë _h[electronic resource] / _cA. Mary F. Robinson |
| 260 |
_bProject Gutenberg, _c2008 |
||
| 506 | _aPublic domain in the USA. | ||
| 516 | _aElectronic text | ||
| 653 | _aWomen and literature -- England -- History -- 19th century | ||
| 653 | _aAuthors, English -- 19th century -- Biography | ||
| 653 | _aBrontë, Emily, 1818-1848 | ||
| 830 | 0 |
_aProject Gutenberg _v25789 |
|
| 856 | 4 | 0 | _uhttp://www.gutenberg.org/ebooks/25789 |
| 942 | _cEB | ||
| 999 |
_c255044 _d255044 |
||